Methods and models in demography (Record no. 49834)
[ view plain ]
| 000 -LEADER | |
|---|---|
| fixed length control field | 00461nam a22001697a 4500 |
| 008 - FIXED-LENGTH DATA ELEMENTS--GENERAL INFORMATION | |
| fixed length control field | 111026t xxu||||| |||| 00| 0 eng d |
| 020 ## - INTERNATIONAL STANDARD BOOK NUMBER | |
| International Standard Book Number | 0-89862-451-7 |
| 040 ## - CATALOGING SOURCE | |
| Original cataloging agency | BUAC |
| Transcribing agency | CDIRSP |
| 041 ## - LANGUAGE CODE | |
| Language code of text/sound track or separate title | En |
| 100 ## - MAIN ENTRY--PERSONAL NAME | |
| Personal name | NEWELL,Colin |
| 9 (RLIN) | 19744 |
| 245 ## - TITLE STATEMENT | |
| Title | Methods and models in demography |
| Statement of responsibility, etc | / Colin NEWELL |
| 260 ## - PUBLICATION, DISTRIBUTION, ETC. (IMPRINT) | |
| Place of publication, distribution, etc | New york : |
| Name of publisher, distributor, etc | The Guilford press, |
| Date of publication, distribution, etc | 1988 |
| 300 ## - PHYSICAL DESCRIPTION | |
| Extent | 217 p. |
| 650 ## - SUBJECT ADDED ENTRY--TOPICAL TERM | |
| Topical term or geographic name as entry element | Démographie |
| 9 (RLIN) | 19745 |
| 653 ## - INDEX TERM--UNCONTROLLED | |
| Uncontrolled term | Méthodes |
| -- | Modèles |
| 942 ## - ADDED ENTRY ELEMENTS (KOHA) | |
| Item type | Livre exclu du prêt |
| Withdrawn status | Lost status | Damaged status | Not for loan | Location (home branch) | Sublocation or collection (holding branch) | Date acquired | Source of acquisition | Koha issues (times borrowed) | Koha full call number | Piece designation (barcode) | Koha date last seen | Copy number | Price effective from | Koha item type |
|---|---|---|---|---|---|---|---|---|---|---|---|---|---|---|
| Centre de Documentation et d'Information de l'Institut Regional Santé Publique | Centre de Documentation et d'Information de l'Institut Regional Santé Publique | 26/10/2011 | Don | HB 881 NEW | 4400CDIRSP | 26/10/2011 | 1 | 26/10/2011 | Livre exclu du prêt |